000 00716nam a2200217 a 4500
001 000026105
005 20200930024315.0
008 101013s1973 sp 000 p spa d
020 _a8472350738
040 _aDO-SdBNP
_bspa
_cBNPHU
041 _aspa
_hfre
_2Código de idioma MARC
082 _axxx
_bS491p
100 1 _aServan-Schreiber, J. L. ,
_953043
240 0 _aLe pouvoir d'informer
_lEspañol
245 1 3 _aEl poder de la información /
_cJ. L. Servan-Schreiber; traducción Ricardo Mazo.
260 _aBarcelona :
_bDOPESA,
_c1973.
300 _a238 p. ;
_c17 cm.
500 _aEpílogo a la edición española José Ma. Casasus
534 _aTítulo original :
_tLe pouvoir d'informer
049 _aBNPD
999 _c25597
_d25597